000
00260nam a2200109Ia 4500
008
190913s9999||||xx |||||||||||||| ||und||
100
_a
Bronson Gary
245
2
_a
A First Book of Java
260
_a
New York
_b
Prentice Hall
_c
1998
300
_a
148
942
_c
BK
999
_c
8268
_d
8268